Monthly Statement of Treaties and International Agreements

Bibliographic Details
Corporate Author: Naciones Unidas
Format: eBook
Language:English
Published: New York : United Nations Publications, 1999 -
Subjects:
Online Access:Acceso restringido

MARC

LEADER 00000nam a22000007a 4500
005 20120125104954.0
007 cr|||| ||||
008 120125s19999999xxumr|p s||||i0|||a1eng d
035 |a 6098 
035 |a 6103 
040 |a vLex 
090 |c 2946  |d 2946 
245 0 0 |a Monthly Statement of Treaties and International Agreements  |h [Recurso electrn̤ico] 
256 |a Servicio en ln̕ea 
260 |a New York :  |b United Nations Publications,  |c 1999 -  
300 |a 1 recurso electrn̤ico 
362 0 |a Nm︢. 1 (1999) -  
506 1 |a Contenido solo disponible en los productos indicados  |d vLex Global   |d vLex Global (Academic Edition, excluding Law Schools)   |d vLex Global (U.S. Academic Edition, Law Schools)   |d vLex Global (U.S. Academic Edition, excluding Law Schools)   |d vLex Global (Academic Edition, Law Schools)  
650 |a Tratados internacionales 
650 |a Relaciones internacionales 
650 |a Derecho internacional 
710 2 |a Naciones Unidas 
740 0 |a vLex Revistas (Servicio en ln̕ea) 
856 4 0 |u http://vlex.com/source/monthly-statement-treaties-international-agreements-6098  |z Acceso restringido 
942 |c REV 
999 0 |a International relations 
999 0 |a Treaties 
999 0 |a International law